LEADER 02217nam 22005531 450 001 9910418353603321 005 20251116180536.0 010 $a9780472128198 010 $a0472128191 024 7 $a10.3998/mpub.19155 035 $a(CKB)4100000011405594 035 $a(OCoLC)1193105798 035 $a(MdBmJHUP)muse91943 035 $a(MiU)10.3998/mpub.19155 035 $a(MiAaPQ)EBC6321365 035 $a(MiAaPQ)EBC6533757 035 $a(Au-PeEL)EBL6533757 035 $a(OCoLC)1292361466 035 $a(BIP)77298003 035 $a(BIP)453929 035 $a(EXLCZ)994100000011405594 100 $a19880715a19691968 uy 0 101 0 $aeng 135 $aurm|#||||nn|n 181 $ctxt$2rdacontent 182 $cc$2rdamedia 183 $acr$2rdacarrier 200 10$aEarly Communist China $etwo studies/$fRonald Suleski and Daniel Bays 210 1$aAnn Arbor, Michigan :$cUniversity of Michigan Press,$d1969. 215 $a1 online resource (77 pages) $cmaps; digital, PDF file(s) 225 1 $aMichigan Monographs in Chinese Studies ;$vno. 4 300 $aCover title. 311 08$aPrint version: 9780892640041 320 $aIncludes bibliographical references. 327 $aSuleski, R. The Fu-t'ien incident, December 1930.--Bays, D.H. Agrarian reform in Kwangtung, 1950-1953. 330 $a Contains two detailed case studies. In "The Fu-t'ien Incident, December 1930," Ronald Suleski describes the pivotal incident in the power struggle between Mao Zedong and the Communist Central Committee. Daniel Bays's study of "Agrarian Reform in Kwangtung, 1950-1953" focuses upon the measures taken by the Chinese Communist Party to control and eventually collectivize rural elites in Kwangtung province. 410 0$aMichigan monographs in Chinese studies ;$vno. 4. 606 $aLand reform$zChina 607 $aQuzhou Xian (Hebei Sheng, China)$xPolitics and government$y1912-1937 615 0$aLand reform 676 $a329/.07/0951 700 $aSuleski$b Ronald Stanley$0878974 701 $aBays$b Daniel H$0636649 801 0$bMiU 801 1$bMiU 906 $aBOOK 912 $a9910418353603321 996 $aEarly Communist China$92438672 997 $aUNINA